El procedimiento de mediación en asuntos civiles, mercantiles y penales en España

Saved in:
Bibliografiske detaljer
Hovedforfatter: Castillejo Manzanares, Raquel (Author)
Format: Bog
Sprog:spansk
Udgivet: Valparaíso Prolibros Ediciones 2017
Udgivelse:1a. ed
Fag:
Tags: Tilføj Tag
Ingen Tags, Vær først til at tagge denne postø!

MARC

LEADER 00000cam a2200000 a 4500
001 UCC1923
003 CL-VaPUC
008 171208e20170000cl |||||||||||||||||spa|d
020 |a 9789569623042 
082 0 4 |a 341.4652  |b CAS  |2 21 
100 0 |a Castillejo Manzanares, Raquel  |e author  |9 596028 
245 1 3 |a El procedimiento de mediación en asuntos civiles, mercantiles y penales en España 
250 |a 1a. ed 
300 |a 212 p 
942 |c BK 
945 |d 20171208 18:54:00  |a arojas 
260 |a Valparaíso  |b Prolibros Ediciones  |c 2017 
650 0 |a Mediación  |9 338396 
650 7 |a CONCILIACION  |2 CL-VaPUC  |9 341638 
650 0 |a Arbitraje  |9 328491 
650 0 |a Procedimiento civil  |9 254870 
650 0 |a Procedimiento penal  |9 254974 
651 0 |a España  |9 254926 
583 |a last modification  |c 20171208 18:54:00  |k Rodrigo Vera 
999 |c 370253  |d 370251 
952 |0 0  |1 0  |3 erb  |4 0  |6 341_465200000000000_CAS_2017  |7 0  |8 A  |9 486606  |a BIBDER  |b BIBDER  |i 5441110  |o 341.4652 CAS 2017  |p 5441110  |r 2023-01-25  |w 2019-11-24  |y BK  |z Catalogado en:20171208  |k DER 
952 |0 0  |1 0  |3 erb  |4 0  |6 341_465200000000000_CAS_2017  |7 0  |8 A  |9 486607  |a BIBDER  |b BIBDER  |i 5441129  |o 341.4652 CAS 2017  |p 5441129  |r 2023-01-25  |w 2019-11-24  |y BK  |z Catalogado en:20171208  |k DER 
952 |0 0  |1 0  |3 erb  |4 0  |6 341_465200000000000_CAS_2017  |7 0  |8 A  |9 486608  |a BIBDER  |b BIBDER  |i 5441137  |o 341.4652 CAS 2017  |p 5441137  |r 2023-01-25  |w 2019-11-24  |y BK  |z Catalogado en:20171208  |k DER